Представление документа в формате RUSMARC

ПолеНазваниеЗначение
  Тип записи a
  Библиографический уровень m
001 Контрольный номер e248a47242514ff8b1bffbc76ce6ead9
005 Дата корректировки 20260316145050.2
010 Индекс ISBN __
a ISBN 978-5-17-159486-2
100 Данные общей обработки __
a Данные общей обработки 20260316d 0rusy0189## ca
101 Язык документа 0_
a Язык текста rus
102 Страна публикации __
a Страна публикации RU
200 Заглавие и сведения об ответственности 1_
a Заглавие Тест Сегаля
f Первые сведения об ответственности М. Залманович
210 Выходные данные 1_
a Место издания Москва
c Издательство АСТ
d Дата издания 2024
215 Физическое описание __
a Объем 252, [4] с.
686 Индексы других классификаций __
a Классификационный индекс Р2
700 Автор _1
a Фамилия Залманович
b Имя (инициалы) М.
g Полное личное имя Мириам
702 Вторичная интеллектуальная ответственность _1
a Фамилия Сунгатуллина
b Имя (инициалы) А.
g Полное личное имя Алиса
4 Код отношения 320
801 Источник записи _0
a Страна RU
b Организация УОБДЮ
c Дата составления 20260316
g Правила каталогизации RCR
801 Источник записи _1
a Страна RU
b Организация УОБДЮ
c Дата составления 20260316
g Правила каталогизации RCR
830 Общее примечание каталогизатора __
a Текст примечания Ю
852 Данные о местонахождении __
i Авторский знак З-23
j Шифр хранения Р2
900 Электронные ресурсы __
a Имя электронного ресурса 593034
901 Тип документа __
t Тип документа m
905 Данные по созданию БЗ __
b Логин пользователя, который создал БЗ imm
909 Создатель записи __
b Дата создания записи 20260316